[Event "HUN-chT3"]
[Site "Hungary"]
[Date "1997.??.??"]
[Round "?"]
[White "Romhanyi, Jozsef"]
[Black "Jakab, Istvan"]
[Result "1/2-1/2"]
[WhiteElo "1850"]
[BlackElo "1870"]
[PlyCount "93"]
[EventDate "1997.??.??"]
[EventType "team"]
[EventRounds "13"]
[EventCountry "HUN"]
[SourceTitle "EXT 2001"]
[Source "ChessBase"]
[SourceDate "2000.11.22"]
[SourceVersion "1"]
[SourceVersionDate "2000.11.22"]
[SourceQuality "1"]

1. d4 Nf6 2. Nf3 d5 3. Bg5 e6 4. Nbd2 c5 5. e3 a6 6. c3 Nc6 7. Rc1 h6 8. Bh4 Bd6 9. Bd3 Qe7 10. 0-0 c4 11. Bb1 e5 12. dxe5 Nxe5 13. Nd4 Neg4 14. N2f3 Bd7 15. Bg3 Bxg3 16. hxg3 Ne4 17. Ne2 Nef6 18. Qd4 0-0 19. Rcd1 Rfe8 20. Rfe1 Rad8 21. Nf4 Bc6 22. Re2 Ne5 23. Kf1 g5 24. Nxe5 Qxe5 25. Qxe5 Rxe5 26. Nh3 Ree8 27. f3 Kg7 28. g4 b5 29. Kf2 a5 30. Red2 Rd7 31. Ng1 b4 32. Ne2 Ba4 33. Re1 h5 34. gxh5 Nxh5 35. g4 Nf6 36. Rh1 Kf8 37. Nd4 Ke7 38. Rh6 Ng8 39. Ra6 Rb8 40. Bf5 bxc3 41. bxc3 Rdb7 42. Rxa5 Rb2 43. Rxb2 Rxb2+ 44. Kg3 Rxa2 45. Rxd5 Bb3 46. Bh7 Nf6 47. Nf5+ 1/2-1/2